00686naa a2200133 i 45000010005000000030009000050050017000140080039000310400029000701000140000992450078002396500030003177730205003479795KOSZ 00520180412112417.0180410s1994 pl f f |000 0 pol cKOSZ 005/HRaKOSZ 005/HR1 aCZAPP, Marian.d1982 - 1996.bWyższa Szkoła Inżynierska w Koszalinie - Wydział Mechaniczny,cZakład Termodynamiki i Chłodnictwa10aOznaczanie ciepła spalania i wartości opałowej paliw /cMarian Czapp. 0aTermodynamika techniczna.0 iW :tMateriały pomocnicze do ćwiczeń laboratoryjnych z podstaw techniki cieplnej / pod red. Mariana Czapp. - dKoszalin : Wydaw. Uczelniane Wyższej Szkoły Inżynierskiej, 1994. -gs. 252-278.